К теории эрозионного горения твердых ракетных топлив; Известия Томского политехнического университета [Известия ТПУ]; Т. 311, № 4 : Энергетика
| Parent link: | Известия Томского политехнического университета [Известия ТПУ]/ Томский политехнический университет (ТПУ).— , 2000- Т. 311, № 4 : Энергетика.— 2007.— [С. 36-40] |
|---|---|
| Autor Principal: | |
| Outros autores: | , |
| Summary: | Заглавие с титульного листа Электронная версия печатной публикации Предложено объяснение наличия порога эрозионного горения. Показано, что такой вид горения начинается при снижении толщины ламинарного подслоя (в турбулентном пограничном слое) ниже ширины зоны ламинарного горения. Получены выражения, связывающие критическую (пороговую) скорость обдувающего потока и критическое число В.Н. Вилюнова со свойствами топлива и образующегося при его разложении газа. Для скорости горения найдены простые степенные зависимости от скорости обдувающего потока. |
| Idioma: | ruso |
| Publicado: |
2007
|
| Series: | Энергетика |
| Subjects: | |
| Acceso en liña: | http://www.lib.tpu.ru/fulltext/v/Bulletin_TPU/2007/v311/i4/07.pdf |
| Formato: | MixedMaterials Electrónico Capítulo de libro |
| KOHA link: | https://koha.lib.tpu.ru/cgi-bin/koha/opac-detail.pl?biblionumber=172576 |
MARC
| LEADER | 00000nla2a2200000 4500 | ||
|---|---|---|---|
| 001 | 172576 | ||
| 005 | 20240125164000.0 | ||
| 035 | |a (RuTPU)RU\TPU\book\187147 | ||
| 035 | |a RU\TPU\book\187142 | ||
| 090 | |a 172576 | ||
| 100 | |a 20091214d2007 k y0rusy50 ca | ||
| 101 | 0 | |a rus | |
| 102 | |a RU | ||
| 135 | |a drnn ---uucaa | ||
| 181 | 0 | |a i | |
| 182 | 0 | |a b | |
| 200 | 1 | |a К теории эрозионного горения твердых ракетных топлив |f К. О. Сабденов, О. Ю. Долматов, К. В. Юшицын | |
| 203 | |a Текст |c электронный | ||
| 215 | |a 1 файл (391 Кб) | ||
| 225 | 1 | |a Энергетика | |
| 300 | |a Заглавие с титульного листа | ||
| 300 | |a Электронная версия печатной публикации | ||
| 320 | |a [Библиогр.: с. 40 (10 назв.)] | ||
| 330 | |a Предложено объяснение наличия порога эрозионного горения. Показано, что такой вид горения начинается при снижении толщины ламинарного подслоя (в турбулентном пограничном слое) ниже ширины зоны ламинарного горения. Получены выражения, связывающие критическую (пороговую) скорость обдувающего потока и критическое число В.Н. Вилюнова со свойствами топлива и образующегося при его разложении газа. Для скорости горения найдены простые степенные зависимости от скорости обдувающего потока. | ||
| 337 | |a Adobe Reader | ||
| 461 | 1 | |0 (RuTPU)RU\TPU\book\176237 |t Известия Томского политехнического университета [Известия ТПУ] |f Томский политехнический университет (ТПУ) |d 2000- | |
| 463 | 1 | |0 (RuTPU)RU\TPU\book\187129 |x 1684-8519 |t Т. 311, № 4 : Энергетика |v [С. 36-40] |d 2007 |p 158 с. | |
| 610 | 1 | |a эрозионное горение | |
| 610 | 1 | |a твердое ракетное топливо | |
| 610 | 1 | |a теория | |
| 610 | 1 | |a ламинарный подслой | |
| 610 | 1 | |a ламинарное горение | |
| 610 | 1 | |a критическая скорость | |
| 610 | 1 | |a потоки | |
| 610 | 1 | |a критическое число Вилюнова | |
| 610 | 1 | |a топливо | |
| 610 | 1 | |a газ | |
| 610 | 1 | |a зависимости | |
| 610 | 1 | |a труды учёных ТПУ | |
| 610 | 1 | |a электронный ресурс | |
| 700 | 1 | |a Сабденов |b К. О. | |
| 701 | 1 | |a Долматов |b О. Ю. |c физик |c кандидат физико-математических наук |f 1967- |g Олег Юрьевич |3 (RuTPU)RU\TPU\pers\26450 |9 12153 | |
| 701 | 1 | |a Юшицын |b К. В. | |
| 801 | 1 | |a RU |b 63413507 |c 20090623 |g PSBO | |
| 801 | 2 | |a RU |b 63413507 |c 20211116 |g PSBO | |
| 856 | 4 | |u http://www.lib.tpu.ru/fulltext/v/Bulletin_TPU/2007/v311/i4/07.pdf | |
| 942 | |c CF | ||